La UIF reformuló y modificó disposiciones e incorporó nuevos sujetos obligados a reportar operaciones sospechosas (Registro nro. 15266)

Detalles MARC
000 -LEADER
fixed length control field 00391 a2200109 4500
001 - CONTROL NUMBER
control field ART_18482
005 - DATE AND TIME OF LATEST TRANSACTION
control field 20260410161702.0
008 - FIXED-LENGTH DATA ELEMENTS--GENERAL INFORMATION
fixed length control field 260409a
100 1# - MAIN ENTRY--PERSONAL NAME
Personal name Ferraro, Ricardo H.
245 10 - TITLE STATEMENT
Title La UIF reformuló y modificó disposiciones e incorporó nuevos sujetos obligados a reportar operaciones sospechosas
773 0# - HOST ITEM ENTRY
Title Revista Impuestos
Related parts - Nº 3 (mar. 2012)
Record control number REV639

No hay ítems disponibles.